书目信息 |
| 书名: | A geography of agriculture in the United States' Southeast | |
| 作者: | [by] James R. Anderson | |
| 分册号: | ||
| 分册名: | 出版地: | Budapest : |
|
| 出版社: | Akadémiai Kiadó | |
| 出版时间: | 1973. | |
| 页数: | 135 p. : | |
| 开本: | 25 cm. | |
| 丛书名: | Geography of world agriculture | |
| 中图分类号: | ||
| 科图分类号: | ||
| 其他分类号: | F319.9 | |
| 主题词: | ||
| 电子资源: | ||
| 000 | 00910nam 2200277 a 4500 | |
| 001 | E0729221599 | |
| 005 | 20070228080716.59 | |
| 008 | 00010 eng | |
| 008 | uu | |
| 010 | @a74153998 | |
| 043 | @an-usu-- | |
| 049 | @aN5LA | |
| 050 | 0 | @aS445 @b.A52 |
| 082 | @a630/.975 | |
| 090 | @a2/F371.27/AJR////////386657 | |
| 090 | @aF319.9 | |
| 096 | @aF371.27 @v2 | |
| 099 | @dF319.9@ex1:2 | |
| 100 | 10 | @aAnderson, James Richard, @d1919- |
| 245 | 12 | @aA geography of agriculture in the United States' Southeast / @c[by] James R. Anderson |
| 260 | 0 | @aBudapest :@bAkadémiai Kiadó,@c1973. |
| 300 | @a135 p. :@billus. ;@c25 cm. | |
| 440 | 0 | @aGeography of world agriculture, @v2 |
| 504 | @aIncludes bibliographical references. | |
| 650 | 0 | @aAgricultural geography @zSouthern States. @b00 @c20020930 @lNLC09 @h2247 @lNLC09 @h2309 @lNLC09 @h1900 |
| 852 | 9 | @bWWJC @cJ08S @k2 @hF371.27 @iAJR |
| A geography of agriculture in the United States' Southeast / / [by] James R. Anderson.-Budapest : : Akadémiai Kiadó, , 1973. |
| 135 p. : : illus. ; ; 25 cm.- (Geography of world agriculture, 2 ) |
| Includes bibliographical references. |
| ISBN |
| ● |
| 相关链接 |
|
|
|
|
正题名:geography of agriculture in the United States' Southeast
索取号:F319.9/x1:2
 
预约/预借
| 序号 | 登录号 | 条形码 | 馆藏地/架位号 | 状态 | 备注 |
| 1 | 183248 | 001170431 | 第二样本阅览室/ [索取号:F319.9/x1:2] | 在馆 | |
| 2 | 183249 | 001170565 | 第四借阅区/ [索取号:F319.9/x1:2] | 在馆 | |
| 3 | 183250 | 001177595 | 第四借阅区/ [索取号:F319.9/x1:2] | 在馆 |